Pandora / adapted by Gary Reed ; illustrated by Will Meugniot.
Presents the classic Greek myth of Pandora's box, describing how curiosity led her to open the forbidden box and let evil into the world, leaving only hope in the box.
Record details
- ISBN: 9781602701380
- ISBN: 1602701385
- Physical Description: 32 pages : color illustrations ; 21 cm.
- Publisher: Edina, Minn. : Magic Wagon, 2008.
Content descriptions
| Study Program Information Note: | Accelerated Reader MG 2.8 0.5 121011. |
Search for related items by subject
| Subject: | Pandora (Greek mythological character) > Juvenile literature. Mythology, Greek. Pandora (Greek mythology) |
Search for related items by series
| LDR | 01429nam a22003614a 4500 | ||
|---|---|---|---|
| 001 | 153602 | ||
| 003 | CONS | ||
| 005 | 20200219144319.0 | ||
| 008 | 070904s2008 mnua j 000 0 eng | ||
| 010 | . | ‡a 2007036094 | |
| 020 | . | ‡a9781602701380 ‡q(hardcover) | |
| 020 | . | ‡a1602701385 ‡q(hardcover) | |
| 035 | . | ‡a(CPomAG)LMN616107 | |
| 050 | 0 | 0. | ‡aBL820.P23 ‡bR44 2008 |
| 082 | 0 | 0. | ‡a398.20938/02 ‡222 |
| 100 | 1 | . | ‡aReed, Gary, ‡d1956-2016. |
| 245 | 1 | 0. | ‡aPandora / ‡cadapted by Gary Reed ; illustrated by Will Meugniot. |
| 260 | . | ‡aEdina, Minn. : ‡bMagic Wagon, ‡c2008. | |
| 300 | . | ‡a32 pages : ‡bcolor illustrations ; ‡c21 cm. | |
| 336 | . | ‡atext ‡btxt ‡2rdacontent | |
| 337 | . | ‡aunmediated ‡bn ‡2rdamedia | |
| 338 | . | ‡avolume ‡bnc ‡2rdacarrier | |
| 490 | 1 | . | ‡aShort tales. Greek myths |
| 520 | . | ‡aPresents the classic Greek myth of Pandora's box, describing how curiosity led her to open the forbidden box and let evil into the world, leaving only hope in the box. | |
| 526 | 0 | . | ‡aAccelerated Reader ‡bMG ‡c2.8 ‡d0.5 ‡z121011. ‡5MCPL |
| 600 | 0 | 0. | ‡aPandora ‡c(Greek mythological character) ‡vJuvenile literature. |
| 650 | 1. | ‡aMythology, Greek. | |
| 650 | 1. | ‡aPandora (Greek mythology) | |
| 700 | 1 | . | ‡aMeugniot, Will. |
| 830 | 0. | ‡aShort tales. ‡pGreek myths. | |
| 914 | . | ‡aSCP_LP | |
| 959 | . | ‡i32269001191751 ‡lJ 398.2 Ree ‡aJuvenile - NonFiction ‡tHardback ‡g30.00 | |
| 852 | . | ‡p32269001191751 ‡jJ 398.2 Ree ‡gJuvenile - NonFiction ‡cHardback ‡y30.00 ‡bSBPL | |
| 901 | . | ‡a153602 ‡bUnknown ‡c153602 ‡tbiblio | |